000
00341nam a2200157Ia 4500
005
20250425160757.0
008
250425s9999 xx 000 0 und d
041
_a
spa
082
_a
658
245
0
_a
ADMINISTRACION DE EMPRESAS
250
_a
S.E.
260
_a
S.L.
260
_a
Sin Pais
_b
REVE
_c
1973
942
_c
01
010
_a
5016
999
_c
195959
_d
195959